| 000 | 00383nam a2200169Ia 4500 | ||
|---|---|---|---|
| 008 | 170705s9999 xx 000 0 und d | ||
| 020 | _a590132075 | ||
| 245 | _aMouse paint / | ||
| 245 | _cEllen Stoll Walsh. | ||
| 260 | _aNew York : | ||
| 260 | _bScholastic, | ||
| 260 | _c1989 | ||
| 300 | _aunpaged : | ||
| 300 | _bcolor illustration ; | ||
| 300 | _c18cm. | ||
| 500 | _a250 | ||
| 999 |
_c335463 _d335463 |
||